|
|
|
|
| LEADER |
00000nab a2200000 a 4500 |
| 001 |
vtls000310236 |
| 003 |
SK-MaSNL |
| 005 |
20260304082932.0 |
| 008 |
250424c1978 xo 0 slo |
| 015 |
|
|
|a SNBRB19rr/mm-uuuuu
|
| 035 |
|
|
|a CL0000328
|
| 035 |
|
|
|a urn:nbn:sk:snk-abbhuj
|
| 035 |
|
|
|a (urnnbn)urn:nbn:sk:snk:ar-000kft
|
| 035 |
|
|
|a (uuid)6270e8f0-7e71-42cd-a668-1528554ef8ab
|
| 040 |
|
|
|a SNKBUCL
|b slo
|c SNKBUCL
|e AACR2
|
| 041 |
0 |
|
|a slo
|
| 044 |
|
|
|a xo
|c SK
|
| 080 |
|
|
|a 021.81(083.1)
|2 1981
|
| 100 |
1 |
|
|a Kerliková, Jana
|4 aut
|9 293353
|
| 245 |
1 |
0 |
|a K voľbe povolania
|c Jana Kerliková ; Ž. Kormendyová
|
| 650 |
0 |
7 |
|a materiály metodické
|x voľba povolania
|2 snkbucl
|9 1372824
|
| 655 |
|
7 |
|a články z novín a časopisov
|2 snkbucl
|9 267496
|
| 700 |
1 |
|
|a Kormendyová, Ž.
|4 aut
|9 1145631
|
| 773 |
0 |
|
|t Čitateľ
|g Roč. 27, č. 1 (1978), s. 38
|
| 787 |
0 |
8 |
|i Rec.:
|a Kormendyová, Ž.
|t Voľba povolania. (Orientačná pomôcka pre mládež so zameraním na robotnícke povolanie)
|d Bratislava, MsK - Odbor literatúry pre mládež 1977.
|
| 850 |
|
|
|a Slovenská národná knižnica
|
| 852 |
|
|
|a Slovenská národná knižnica
|
| 954 |
|
|
|a odborná, vedecká literatúra pôvodná (slovenská)
|2 lita
|
| 958 |
|
|
|a article15
|
| 958 |
|
|
|a OND
|
| 958 |
|
|
|a RK
|
| 958 |
|
|
|a KL
|
| 958 |
|
|
|a EUIPO
|
| 992 |
|
|
|a RBX
|
| 999 |
|
|
|c 2798821
|d 2800751
|